Without reservations (Record no. 4576)

MARC details
000 -LEADER
fixed length control field 00620nam a22002177a 4500
003 - CONTROL NUMBER IDENTIFIER
control field OSt
005 - DATE AND TIME OF LATEST TRANSACTION
control field 20251023064342.0
008 - FIXED-LENGTH DATA ELEMENTS--GENERAL INFORMATION
fixed length control field 250930b |||||||| |||| 00| 0 eng d
020 ## - INTERNATIONAL STANDARD BOOK NUMBER
International Standard Book Number 978-0-470-13045-2.
040 ## - CATALOGING SOURCE
Original cataloging agency DWCL-Main lib
Transcribing agency OC
082 ## - DEWEY DECIMAL CLASSIFICATION NUMBER
Classification number Circ. 641.5973 Al469w 2008
100 ## - MAIN ENTRY--PERSONAL NAME
Personal name Altman. Joey
245 ## - TITLE STATEMENT
Title Without reservations
260 ## - PUBLICATION, DISTRIBUTION, ETC.
Place of publication, distribution, etc. N. J. :
Name of publisher, distributor, etc. John Wiley & Sons, Inc.,
Date of publication, distribution, etc. c2008.
300 ## - PHYSICAL DESCRIPTION
Extent xiv, 274 pages :
Other physical details colored illustration ;
Dimensions 24 cm.
504 ## - BIBLIOGRAPHY, ETC. NOTE
Bibliography, etc. note Includes index.
650 ## - SUBJECT ADDED ENTRY--TOPICAL TERM
Source of heading or term 1. American cooking.
651 ## - SUBJECT ADDED ENTRY--GEOGRAPHIC NAME
Source of heading or term 2. Cooking.
700 ## - ADDED ENTRY--PERSONAL NAME
Personal name Schacht, Jennie
942 ## - ADDED ENTRY ELEMENTS (KOHA)
Source of classification or shelving scheme Dewey Decimal Classification
Koha item type Book Circulation
Call number prefix Circ.
Suppress in OPAC No
952 ## - LOCATION AND ITEM INFORMATION (KOHA)
--
Holdings
Withdrawn status Lost status Source of classification or shelving scheme Damaged status Not for loan Home library Current library Shelving location Date acquired Source of acquisition Total Checkouts Full call number Barcode Date last seen Price effective from Koha item type Uniform Resource Identifier
    Dewey Decimal Classification     HM & Nursing Library HM & Nursing Library Circulation 06/16/2009 School Fund   Circ. 641.5973 Al469w 2008 46538 09/30/2025 09/30/2025 BK-CIRC